000 01874cam a2200373 4500500
005 20260322005457.0
041 _afre
042 _adc
100 1 0 _aDavid, Michel
_eauthor
245 0 0 _aLa crónica interminable de la reclusión y la restricción
260 _c2022.
500 _a10
520 _aEl aislamiento y la contención en psiquiatría son objeto de especial atención desde la ley de 2016 sobre la modernización de nuestro sistema sanitario. Las decisiones de aislamiento y contención tomadas por un psiquiatra deben ajustarse a criterios muy precisos. Al tratarse de medidas que prohíben la libertad de las personas, deben tener una duración limitada y estar sujetas a revisión por parte de un magistrado. Desde 2016, el Consejo Constitucional ha impuesto cambios al considerar inconstitucionales algunas disposiciones. La interminable crónica de estas modificaciones se expone en este artículo, así como unas propuestas para una amplia reflexión con el fin de acabar con la inestabilidad jurídica y profesional y poder mejorar las modalidades asistenciales.
690 _acuidados por obligación
690 _aderecho constitucional
690 _aevolución
690 _alibertad individual
690 _aprivación de libertad
690 _apsiquiatría
690 _areclusión
690 _areglamentación
690 _arestricción
690 _aconstitutional law
690 _adeprivation of liberty
690 _aevolution
690 _aforced care
690 _aindividual freedom
690 _apsychiatry
690 _aregulation
690 _arestraint
690 _aseclusion
786 0 _nL’Information Psychiatrique | Volume 98 | 1 | 2022-02-09 | p. 35-40 | 0020-0204
856 4 1 _uhttps://stm.cairn.info/revista-l-information-psychiatrique-2022-1-page-35?lang=es&redirect-ssocas=7080
999 _c1748838
_d1748838